Normal view
MARC view
- Bryan, George Thomas
Entry Personal Name
001 - CONTROL NUMBER
- control field: 106598
003 - CONTROL NUMBER IDENTIFIER
- control field: NUST
005 - DATE AND TIME OF LATEST TRANSACTION
- control field: 20230102115112.0
008 - FIXED-LENGTH DATA ELEMENTS
- fixed length control field: 230102|| aca||aabn | a|a d
040 ## - CATALOGING SOURCE
- Original cataloging agency: NUST
- Transcribing agency: NUST
100 ## - HEADING--PERSONAL NAME
- Personal name: Bryan, George Thomas
670 ## - SOURCE DATA FOUND
- Source citation: Work cat.: (NUST)183892: Bryan, George Thomas., Control systems for technicians /, [1967].
